000
00270nam a22001217a 4500
003
SGT
082
_a
747
_b
TAM
100
_a
TAMHANE SWAPNAA
245
_a
SAR THE ESSENCE OF INDIAN DESIGN
260
_a
LONDON
_b
PHAIDON PRESS
_c
2016
300
_a
303
942
_2
ddc
_c
BK
999
_c
34775
_d
34775